000 00909nam a2200217Ia 4500
001 11462
003 GE_BSU
008 181216s||||||||xx |||||||||||||| ||und||
040 _cGE_BSU
080 _a006:634+006:634.8(075.32)
100 _aჭანკოტაძე,გ.
245 _aხილისა და ყურძნის სტანდარტიზაცია
245 _bსახელმძღვ. სას.-სამ. ტექნიკუმებისათვის.
245 _cრედ:ტ.ხავთასი.
260 _aთბილისი
260 _bგანათლება
260 _c1986
300 _a118გვ;221სმ.
653 _aხილისა და ყურძნის სტანდარტიზაცია.სახელმძღვ. სას.-სამ. ტექნიკუმებისათვის.
942 _cBK
999 _c44659
_d44659